Autour d'Arsène Lupin - Statistiques

Statistiques générales
  • Ce quiz a été pris 32 fois
    25 depuis la dernière actualisation
  • Le résultat moyen est 12 sur 71
Statistiques - réponses
Indice Réponse % Correct
Les romans L'aiguille {creuse}
85%
Les romans Le bouchon de {cristal}
62%
Les romans La {Cagliostro} se venge
54%
Les romans La barre-y-{va}
46%
Les romans La demeure {mystérieuse}
46%
Pièces de théâtre Une {aventure} d'Arsène Lupin
46%
Les romans La {comtesse} de Cagliostro
38%
Les romans La demoiselle aux yeux {verts}
38%
Les romans L'ile aux 30 {cercueils}
38%
Les romans La femme aux deux {sourires}
31%
Les romans L'éclat d'{obus}
31%
Les romans Les dents du {tigre}
31%
Les Films 1909 {Arsène Lupin}
23%
Les Films 1916 {Arsène Lupin}
23%
Les Films 1917 {Arsène Lupin}
23%
Les Films 1932 {Arsène Lupin}
23%
Les Films 1957 {Les aventures} d'Arsène Lupin}
23%
Les séries télévisées 1960 {Arsène Lupin}
23%
Les Films 1962 Arsène Lupin contre {Arsène Lupin}
23%
Les séries télévisées 1971-1974 {Arsène Lupin}
23%
Les Films 2004 {Arsène Lupin}
23%
Les séries télévisées 2021 Lupin, dans l'{ombre} d'Arsène
23%
Les romans {813}
23%
Pièces de théâtre {Arsène Lupin}
23%
Les recueils de nouvelles Arsène Lupin contre {Herlock Sholmes}
23%
Les romans Le dernier {amour} d'Arsène Lupin
23%
Les recueils de nouvelles Les 8 coups de l'{horloge}
23%
Les recueils de nouvelles Les {confidences} d'Arsène Lupin
23%
Les romans Victor de la Brigade {mondaine}
23%
Les séries télévisées 1979 {L'ile aux trente} cercueils
15%
Les recueils de nouvelles Arsène Lupin {gentleman cambrioleur}
15%
Pièces de théâtre Cette {femme} est à moi
15%
Les recueils de nouvelles L'agence {Barnett} et Cie
15%
Les Nouvelles Le cabochon d'{émeraude}
15%
Les Nouvelles L'écharpe de {soie rouge}
15%
Les romans Les {milliards} d'Arsène Lupin
15%
Les romans Le {triangle} d'or
15%
Les Nouvelles L'homme à la peau de {bique}
15%
Les Films 1937 Arsène Lupin {détective}
8%
Les Films 1938 {Le retour} d'Arsène Lupin
8%
Les Films 1959 {Signé} Arsène Lupin
8%
Les séries télévisées 1989-1990 {Le retour} d'Arsène Lupin
8%
Les séries télévisées 2007 {Lupin}
8%
Les acteurs ayant incarné Arsène Lupin FD {François Dunoyer}
8%
Les acteurs ayant incarné Arsène Lupin GD {Georges Descrières}
8%
Les acteurs ayant incarné Arsène Lupin JB {John Barrymore}
8%
Les acteurs ayant incarné Arsène Lupin JB {Jules Berry}
8%
Les acteurs ayant incarné Arsène Lupin JCB {Jean Claude Brialy}
8%
Les Nouvelles La dent d'{Hercule Petitgris}
8%
Les Nouvelles Le piège {infernal}
8%
Pièces de théâtre Le {retour} d'Arsène Lupin
8%
Les acteurs ayant incarné Arsène Lupin RB {Robert Lamoureux}
8%
Les acteurs ayant incarné Arsène Lupin RD {Romain Duris}
8%
Pièces de théâtre Un {quart} d'heure avec Arsène Lupin
8%
Les Films 1910 {Arsène Lupin contre Sherlock Holmes}
0%
Les Films 1944 {Enter} Arsène Lupin}
0%
Les séries télévisées 1980 Arsène Lupin {joue et perd}
0%
Les séries télévisées 1995-1996 {Les nouveaux exploits} d'Arsène Lupin
0%
Les séries télévisées 1996-1997 animation {Les exploits} d'Arsène Lupin
0%
Les acteurs ayant incarné Arsène Lupin CK {Charles Korvin}
0%
Les acteurs ayant incarné Arsène Lupin EW {Earle Williams}
0%
Les acteurs ayant incarné Arsène Lupin GA {Gérald Ames}
0%
Les acteurs ayant incarné Arsène Lupin GT {Georges Tréville}
0%
Les acteurs ayant incarné Arsène Lupin JG {Jean Gascon}
0%
Arsène Lupin par Boileau-Narcejac La {justice} d'Arsène Lupin
0%
Arsène Lupin par Boileau-Narcejac La {poudrière}
0%
Les Nouvelles Le {pont} qui s'effondre
0%
Arsène Lupin par Boileau-Narcejac Le {secret} d'Eunerville
0%
Les acteurs ayant incarné Arsène Lupin MD {Melwyn Douglas}
0%
Les acteurs ayant incarné Arsène Lupin PO {Paul Otto}
0%
Les acteurs ayant incarné Arsène Lupin RG {Richard Gutierrez}
0%
Aucun quiz correspondant
Distribution des résultats
% des personnes avec chaque résultat
Percentile par nombre de réponses
Votre historique - résultats
Vous n’avez pas pris ce quiz depuis la dernière actualisation